Billionare - Travie McCoy ft. Bruno Mars Lyrics - Statistics

General Stats
  • This quiz has been taken 110 times
  • The average score is 238 of 411
Answer Stats
Lyric % Correct
a
100%
be
100%
I
100%
so
100%
wanna
100%
when
100%
bad
96%
the
96%
had
95%
never
95%
then
95%
an
94%
cover
94%
ever
94%
every
94%
magazine
94%
all
92%
buy
92%
for
92%
fucking
92%
of
92%
on
92%
things
92%
and
91%
eyes
91%
my
91%
billionare
90%
close
90%
Queen
90%
queen
90%
to
90%
see
88%
Forbes
86%
forbes
86%
in
86%
next
86%
Oh
85%
oh
85%
i'm
82%
Oprah
82%
smiling
81%
lights
79%
name
79%
night
79%
world
78%
prepare
77%
swear
77%
better
73%
everytime
73%
city
72%
different
71%
yeah
59%
time
51%
like
41%
shiny
40%
have
36%
show
35%
would
35%
but
32%
that
32%
me
31%
wish
28%
adopt
27%
ain't
27%
Brad
27%
host
26%
Pitt
26%
Angelina
24%
I'd
24%
shit
24%
milli'
23%
bunch
22%
christmas
22%
give
22%
probably
22%
Everyday
21%
pull
21%
Travie
21%
wishlist
21%
you
21%
babies
19%
it?
19%
it
19%
go
17%
not
17%
with
17%
"here
15%
this"
15%
can
14%
I'll
14%
i'll
14%
i've
14%
last
14%
mercedes
14%
do
12%
least
12%
president
12%
we
12%
at
10%
away
10%
basketball
10%
did
10%
everywhere
10%
few
10%
get
10%
it's
10%
lot
10%
than
10%
their
10%
what
10%
claus
9%
couple
9%
dunking
9%
Katrina
9%
lady
9%
more
9%
new
9%
sing
9%
single
9%
where
9%
your
9%
call
8%
can't
8%
delegates
8%
grant
8%
his
8%
let
8%
own
8%
playing
8%
somebody
8%
visit
8%
hit
6%
ho-ho
6%
just
6%
know
6%
take
6%
theme
6%
was
6%
been
5%
damn
5%
FEMA
5%
i'ma
5%
minus
5%
music
5%
put
5%
stupid
5%
sure
5%
about
4%
air
4%
around
4%
dream
4%
forget
4%
keep
4%
love
4%
months
4%
recession
4%
up
4%
bracket
3%
crack
3%
good
3%
heck
3%
hungry
3%
sleeping
3%
soundly
3%
tax
3%
tummy
3%
fives
1%
out
1%
pocket
1%
similar
1%
twenties
1%
whole
1%
aha
0%
bens
0%
bucks
0%
completeley
0%
compliment
0%
eating
0%
etiquette
0%
everybody
0%
him
0%
left
0%
political
0%
seperate
0%
split
0%
tens
0%
toss
0%
wallet
0%
whatevers
0%
No matching quizzes found
Score Distribution
Percent of People with Each Score
Percentile by Number Answered
Your Score History
You have not taken this quiz